000 00773nam a2200205 4500
999 _c1483
_d1483
003 OSt
005 20200810095931.0
008 200810b ||||| |||| 00| 0 eng d
020 _a0201181703
040 _aKABLIB
_cKABLIB
_dKABLIB
082 _223
_a510
_bEIC
100 _aEicholz, Robert E.,
_eAuthor.
_92665
245 _aMathematics in Our World /
_cRobert E. Eicholz, Charles R. Fleenor, Phares G. O'Daffer; Contributing Writer, Rondall I. Charles.
260 _aCalifornia :
_bAddison-Wesley Publishing Company,
_cc1983.
300 _a434 p. :
_bill. (col.) ;
_c25 cm.
700 _aFleenor, Charles R.,
_eJoint Author.
_92667
700 _aO'Daffer, Phares G.,
_eJoint Author.
_92666
700 _aCharles, Rondall I.,
_eContributing Writer.
_94354
942 _2ddc
_cBOOK